Guide to trade marks law / (Record no. 150001)

MARC details
000 -LEADER
fixed length control field 00778nam a22002057a 4500
005 - DATE AND TIME OF LATEST TRANSACTION
control field 20180217113453.0
010 ## - LCCN (DPL NO)
LC control number B-689578
020 ## - INTERNATIONAL STANDARD BOOK NUMBER
International Standard Book Number 9789351438908
Terms of availability 595.00
035 ## - SYSTEM CONTROL NUMBER
System control number B-689578
037 ## - SOURCE OF ACQUISITION
Stock number dpl
Source of stock number/acquisition KKP
082 ## - DEWEY DECIMAL CLASSIFICATION NUMBER
Classification number 346.540488
100 ## - MAIN ENTRY--PERSONAL NAME
Personal name Arora, Manish
245 ## - TITLE STATEMENT
Title Guide to trade marks law /
Statement of responsibility, etc by Manish Arora
250 ## - EDITION STATEMENT
Edition statement 3rd ed
260 ## - PUBLICATION, DISTRIBUTION, ETC. (IMPRINT)
Place of publication, distribution, etc Delhi
Name of publisher, distributor, etc Universal Law Publishing
Date of publication, distribution, etc 2016
270 ## - ADDRESS
Address LexisNexis, 14th Floor, Building No.10, DLF Cyber City, Phase-II
City Gurgaon
Postal code 122002
300 ## - PHYSICAL DESCRIPTION
Extent xv,500p.
Dimensions 23cm(pbk)
942 ## - ADDED ENTRY ELEMENTS (KOHA)
Source of classification or shelving scheme Dewey Decimal Classification
Item type English Books
Call number suffix ARO
Classification part 346.540488
Holdings
Withdrawn status Lost status Not for loan Collection code Home library Current library Date acquired Source of acquisition Cost, normal purchase price Full call number Barcode Copy number Cost, replacement price Koha item type
      Non-fiction Mobile Library Mobile Library 17/02/2018 KKP/BL-61/14.2.2018/EN/SPL/2017-18/769/10.2.2018/16.2.2018 595.00 346.540488 ARO B-689578 1 595.00 English Books

© Delhi Public Library
Hit Counter
free hit counter